000 00556nam a22001817a 4500
005 20251108164219.0
008 250721s2009 xx 000 0 ara d
082 1 4 _aط/530.03/سلا
100 1 _aسلامة، ميرفانا ياسر
245 1 0 _aمعجم الفيزياء : التعريفات العلمية /
264 1 _aعمان :
_bدار صفاء،
_c2009.
300 _a308ص.
650 1 7 _aالفيزياا
650 1 7 _aمعاجم المصطلحات
653 _aناشاون كبار )15-18)سنه
942 _2ddc
_cBK
999 _c6546
_d6546